La forteresse Antonio à Jérusalem et la question du Prétoire / par sceur Marie Aline de Sion

Uloženo v:
Podrobná bibliografie
Hlavní autor: Sion, Marie Aline de (autor)
Médium: Kniha
Témata:
Tagy: Přidat tag
Žádné tagy, Buďte první, kdo vytvoří štítek k tomuto záznamu!

MARC

LEADER 00000nam^a2200000^u^4500
001 000548933
005 20250521000000.0
008 060220s1000^^^^^^^^^^^^r^^^^^000^0^spa^d
009 20260526152447.195
035 |a FMI 000018684 
037 |a Acervo Xavier Clavigero 
096 |a 1.5/5/A 
100 |a Sion, Marie Aline de  |e (autor) 
245 1 3 |a La forteresse Antonio à Jérusalem et la question du Prétoire / par sceur Marie Aline de Sion 
264 |a París : Universitè de París 
300 |a 304 p. 
336 |a texto  |b txt  |2 rdacontenido 
337 |a sin mediación  |b n  |2 rdamedio 
338 |a volumen  |b nc  |2 rdasoporte 
597 |a "Thése principale pour le Doctorat és-Lettres présentée a la Faculté des Lettres de L'Université de Paris" 
649 |a XX 
650 |a Geografía Bíblica 
910 |a Fondo Francisco Migoya Covarrubias S.J. 
920 |a Impresos - Libros 
930 |a Fondos Especiales 
905 |a 134 
901 |a SBC27438  |b IT2  |c ESP  |u 20250521 
902 |a https://opac.biblio.iteso.mx/vufind/Record/000548933